The blue room: (Record no. 1414)

MARC details
000 -LEADER
fixed length control field 009170000a22002650004500
003 - CONTROL NUMBER IDENTIFIER
control field LK-CoMWRAF
005 - DATE AND TIME OF LATEST TRANSACTION
control field 20230828100012.0
008 - FIXED-LENGTH DATA ELEMENTS--GENERAL INFORMATION
fixed length control field 230817t1992 ||||| |||| 00| 0 eng d
020 ## - INTERNATIONAL STANDARD BOOK NUMBER
International Standard Book Number 1856492400
040 ## - CATALOGING SOURCE
Original cataloging agency LK-CoMWRAF
Modifying agency LK-CoMWRAF
Description conventions LK-CoMWRAF
041 ## - LANGUAGE CODE
Language code of text/sound track or separate title English
082 ## - DEWEY DECIMAL CLASSIFICATION NUMBER
Classification number 305.42
Item number AGG
942 ## - ADDED ENTRY ELEMENTS (KOHA)
Koha item type Books
100 ## - MAIN ENTRY--PERSONAL NAME
Personal name Agger, Inger
700 ## - ADDED ENTRY--PERSONAL NAME
Personal name Bille, Mary
Relator Term translator
242 ## - TRANSLATION OF TITLE BY CATALOGING AGENCY
Title Blå værelse
245 ## - TITLE STATEMENT
Title The blue room:
Remainder of title trauma and testimony among refugee women a psycho-social exploration
260 ## - PUBLICATION, DISTRIBUTION, ETC. (IMPRINT)
Place of publication, distribution, etc. London:
Name of publisher, distributor, etc. Zed Books,
Date of publication, distribution, etc. 1992
300 ## - PHYSICAL DESCRIPTION
Extent 138 p. ; 23 cm.
Other physical details Bibliography and index included
500 ## - GENERAL NOTE
General note This shows how traumatic experiences can become liberating and empowering, enlightening and fascinating.
650 ## - SUBJECT ADDED ENTRY--TOPICAL TERM
Topical term or geographic name as entry element WOMEN REFUGEES-Mental health
650 ## - SUBJECT ADDED ENTRY--TOPICAL TERM
Topical term or geographic name as entry element Women refugees--Interviews.
650 ## - SUBJECT ADDED ENTRY--TOPICAL TERM
Topical term or geographic name as entry element Post-traumatic stress disorder
650 ## - SUBJECT ADDED ENTRY--TOPICAL TERM
Topical term or geographic name as entry element Sexual abuse victims--Mental health
Holdings
Withdrawn status Lost status Damaged status Not for loan Permanent Location Current Location Date acquired Full call number Barcode Koha item type
        Resource center, Muslim Women's Research And Action Forum Resource center, Muslim Women's Research And Action Forum 2023-08-17 305.42 AGG RAF174 Books

Copyright © 2023 Muslim Women's Research and Action Forum (MWRAF), No 27/3, Anderson Road, Kalubowila, Dehiwela. Funded by The Asia Fundation